000 01522cam a2200349 a 4500
999 _c6813
_d6813
001 4451723
003 OSt
005 20210311121502.0
008 950807s1996 ctua b 101 0 eng
010 _a 95020653
020 _a1565490525 (alk. paper)
020 _a1565490517 (pbk. : alk. paper)
040 _aDLC
_cDDC
_dDLC
043 _ad------
050 0 0 _aHD2769.15
_b.B48 1996
082 0 0 _a338.6BEY 1996
100 _aeditors, Michael Edwards, David Hulme.
_913950
245 0 0 _aBeyond the magic bullet :
_bNGO performance and accountability in the post-cold war world /
_ceditors, Michael Edwards, David Hulme.
260 _aWest Hartford, Conn. :
_bKumarian Press,
_cc1996.
300 _ax, 285 p. :
_bill. ;
_c24 cm.
440 0 _aKumarian Press books on international development
_913951
500 _a"Published under the auspices of the Save the Children Fund--U.K."
504 _aIncludes bibliographical references and index.
650 0 _aNonprofit organizations
_xEvaluation
_xCongresses.
_913952
650 0 _aNon-governmental organizations
_xEvaluation
_xCongresses.
_913953
650 0 _aNon-governmental organizations
_zDeveloping countries
_xCongresses.
_913954
700 1 _aEdwards, Michael,
_d1957-
_97402
700 1 _aHulme, David.
_97401
906 _a7
_bcbc
_corignew
_d1
_eocip
_f19
_gy-gencatlg
942 _2ddc
_cN_PAPAER